000 00874nam a22002297a 4500
999 _c7888
_d7888
003 AR-CdUCM
008 190321b ||||| |||| 00| 0 spa d
020 _a968-16-1723-1
040 _aMUNICIPALIDAD PROVINCIAL DEL CUSCO
_cBIBLIOTECA MUNICIPAL DEL CUSCO
082 _a509.72 /
_bT78
100 _aTrabulse, Elías
_922302
245 _aEl círculo roto /
260 _aMéxico :
_bFondo de Cultura Económica,
_c1984.
300 _a247 páginas ;
_c20 cm.
440 _aLecturas mexicanas.
_n54
_922303
505 _aContenido: Un científico mexicano del siglo XVII -- La geometría de lo infinito -- Astronomía e ilustración en México -- Los orígenes de la tecnología mexicana -- Ciencia y tecnología -- Aspectos de la tecnología.
650 _aMéxico
_918
650 _aTecnología
_91571
650 _aCiencia
_92098
942 _2ddc
_cLIBROS
945 _aachl